00443nam a2200181Ia 4500008004100000020001800041245001500059245005100074245001700125260001500142260001600157260000900173300001600182300002500198300001000223500000900233999001900242170705s9999 xx 000 0 und d a9781416935728 aH.I.V.E. : bthe higher institute of villainous education / cMark Walden. aNew York : bScholastic, c2006 a309 pages : bcolor illustration ; c20cm. a1040 c336678d336678